Microprocessing fundamentals: Hardware and software (Record no. 39295)

MARC details
000 -LEADER
fixed length control field 00363nam a2200133Ia 4500
082 ## - DEWEY DECIMAL CLASSIFICATION NUMBER
Classification number 681.31
Item number RAM
100 ## - MAIN ENTRY--AUTHOR NAME
Personal name Ramirez, Edward V
245 #0 - TITLE STATEMENT
Title Microprocessing fundamentals: Hardware and software
260 ## - PUBLICATION, DISTRIBUTION, ETC. (IMPRINT)
Place of publication Aukland
Name of publisher McGraw Hill
Year of publication 1977
650 ## - SUBJECT ADDED ENTRY--TOPICAL TERM
Topical Term Microprocessors
700 ## - ADDED ENTRY--PERSONAL NAME
Personal name Weiss, Melvyn
942 ## - ADDED ENTRY ELEMENTS (KOHA)
Koha item type Books
Holdings
Withdrawn status Lost status Damaged status Not for loan Home library Current library Date acquired Cost, normal purchase price Full call number Accession Number Koha item type
        RRII Library RRII Library 16/12/2021 105.00 681.31 RAM 19634 Books